| 000 | 00686nam a2200229 u 4500 | ||
|---|---|---|---|
| 005 | 20240228064330.0 | ||
| 008 | 181015s2003 es r 000 0 spa d | ||
| 020 | _a8478644776 | ||
| 035 | _aUPN01000227241 | ||
| 049 | _aI | ||
| 050 | 4 |
_aPZ78 _bP7.4 2003 |
|
| 100 | 1 |
_aPrats i Pijoan, Joan de Déu, _d1962- _931547 |
|
| 245 | 1 | 3 |
_aUn banco al sol / _cJoan de Déu Prats ; il. Estrella Fages. |
| 250 | _a2a ed. | ||
| 260 |
_aBarcelona, Esp. : _bCombel, _cc2003. |
||
| 300 |
_a21 p. : _bil. |
||
| 440 | 0 |
_aCaballo alado. _pAl galope ; _v3 |
|
| 650 | 4 |
_aLibros y lectura para niños _92290 |
|
| 650 | 4 |
_aAMOR - _vLITERATURA INFANTIL _911101 |
|
| 905 | _aInfantil | ||
| 999 |
_c199337 _d199337 |
||